Missing Word: Alternative Bands Quiz Stats

 Plays Quiz Updated Sep 30, 2016

Challenge
Share
Tweet
Embed
Score 0/20 Timer 02:00
0 Plays Today
Band Name Missing Word % Correct
Red ___ Chili PeppersHot
99.1%
Foo ________Fighters
96.5%
Green ___Day
94.5%
Smashing _________Pumpkins
93%
Radio____head
90.1%
_____-182Blink
89.6%
My ________ RomanceChemical
85.9%
_____ JamPearl
81.4%
______ ParkLinkin
79.9%
_____! at the DiscoPanic
77.4%
Band Name Missing Word % Correct
Taking ____ SundayBack
73%
30 Seconds to ____Mars
72.2%
Three Days _____Grace
63.2%
________ BenjaminBreaking
58.4%
_____ PlanSimple
55.7%
Dashboard ____________Confessional
51.7%
______ the PeopleFoster
51%
The Black ____Keys
47.2%
_____ StarshipCobra
43.1%
Tokio _____Hotel
32.8%

Today's Daily Dose

You're not logged in!

Compare scores with friends on all Sporcle quizzes.
Join for Free
OR
Log In

You Might Also Like...

Show Comments

Extras

Top Quizzes Today


Score Distribution

Your Account Isn't Verified!

In order to create a playlist on Sporcle, you need to verify the email address you used during registration. Go to your Sporcle Settings to finish the process.

Report this User

Report this user for behavior that violates our Community Guidelines.

Details: